000 00734nam a2200217Ii 4500
003 JO-AjNU
008 230605s9999||||xx |||||||||||||| ||und||
017 _a2010/10/3960
040 _aJO-AjNU
_bara
_erda
_cJO-AjNU
041 _aara
050 1 4 _aHV1279.K436 2011
100 3 _aتاليف كنعان، عبد الكريم الدسوقي,
_eauthor
_959555
245 0 0 _aجمعية الفاروق الخيرية للأيتام اربد: واقع طموح
250 _aط1
264 3 1 _aاربد: جمعية الفاروق للايتام، 2011
300 _a448ص
336 _atext
_btxt
_2rdacontent
337 _aunmediated
_bn
_2rdamedia
338 _avolume
_bnc
_2rdacarrier
650 4 _aجمعيات خيرية
_959556
999 _aA26806
_c30374
_d30374